000 00326nam a2200145Ia 4500
008 191201s2007 xx 000 0 und d
082 _a658.4012
_bMEG
100 _aMELLAHI
245 0 _aGlobal Strategic Management
250 _a2nd
260 _aN.Delhi
_bOxford
_c2007
300 _a195
650 _aMBA
942 _2ddc
_cBK
999 _c2885
_d2885